000 00675nam a2200253Ia 4500
003 OSt
005 20221006155555.0
006 a|||||r|||| 00| 0
007 ta
008 221006b |||||||| |||| 00| 0 chi d
024 _a42,609
037 _cTextual
040 _aEASL
_cEASL
_bchi
041 _2chi
_achi
082 _aV.41,1y7M60, K2
100 _aChen Zuxian etc.
_9669627
245 0 _aRongan Diziji
260 _aTaibei
_bWenxing Shudian China
_c1962
300 _ap.
_ccm.
490 _v CCL
_aZhongguo Xiandai Shiliao Congshu
650 _aCCL
942 _hV.41,1y7M60, K2
_cTEXL
_2CC
999 _c1110695
_d1110695